00349nam a2200121Ia 4500008004100000041000800041082001200049100002700061245004500088260005100133300003200184365001100216240624s9999 xx 000 0 und d aeng a658 HBP aHARVARD BUSINESS PRESS aLEADING BY EXAMPLE STRAIGHT TALK FROM TH c2007aNew DelhibHarvard Business School Press aviii, : 100 : p. : cm. ; 18 cRSb25